<?xml version="1.0" encoding="UTF-8"?>
<collection xmlns="http://www.loc.gov/MARC21/slim">
 <record>
  <leader>02499nab a2200265 i 4500</leader>
  <controlfield tag="001">publ29646</controlfield>
  <controlfield tag="005">20240223085930.0</controlfield>
  <controlfield tag="008">240223s2024    hu      o     0||   eng d</controlfield>
  <datafield tag="022" ind1=" " ind2=" ">
   <subfield code="a">1672-6316</subfield>
  </datafield>
  <datafield tag="024" ind1="7" ind2=" ">
   <subfield code="a">10.1007/s11629-023-8384-z</subfield>
   <subfield code="2">doi</subfield>
  </datafield>
  <datafield tag="024" ind1="7" ind2=" ">
   <subfield code="a">34668683</subfield>
   <subfield code="2">mtmt</subfield>
  </datafield>
  <datafield tag="040" ind1=" " ind2=" ">
   <subfield code="a">SZTE Publicatio Repozitórium</subfield>
   <subfield code="b">hun</subfield>
  </datafield>
  <datafield tag="041" ind1=" " ind2=" ">
   <subfield code="a">eng</subfield>
  </datafield>
  <datafield tag="100" ind1="1" ind2=" ">
   <subfield code="a">Gholamreza Roshan</subfield>
  </datafield>
  <datafield tag="245" ind1="1" ind2="0">
   <subfield code="a">Using satellite-derived land surface temperatures to clarify the spatiotemporal warming trends of the Alborz Mountains in northern Iran</subfield>
   <subfield code="h">[elektronikus dokumentum] /</subfield>
   <subfield code="c"> Gholamreza Roshan</subfield>
  </datafield>
  <datafield tag="260" ind1=" " ind2=" ">
   <subfield code="c">2024</subfield>
  </datafield>
  <datafield tag="300" ind1=" " ind2=" ">
   <subfield code="a">449-469</subfield>
  </datafield>
  <datafield tag="490" ind1="0" ind2=" ">
   <subfield code="a">JOURNAL OF MOUNTAIN SCIENCE</subfield>
   <subfield code="v">21 No. 2</subfield>
  </datafield>
  <datafield tag="520" ind1="3" ind2=" ">
   <subfield code="a">The Alborz Mountains are some of the highest in Iran, and they play an important role in controlling the climate of the country’s northern regions. The land surface temperature (LST) is an important variable that affects the ecosystem of this area. This study investigated the spatiotemporal changes and trends of the nighttime LST in the western region of the Central Alborz Mountains at elevations of 1500–4000 m above sea level. MODIS data were extracted for the period of 2000–2021, and the Mann–Kendall nonparametric test was applied to evaluating the changes in the LST. The results indicated a significant increasing trend for the monthly average LST in May–August along the southern aspect. Both the northern and southern aspects showed decreasing trends for the monthly average LST in October, November, and March and an increasing trend in other months. At all elevations, the average decadal change in the monthly average LST was more severe along the southern aspect (0.60°C) than along the northern aspect (0.37°C). The LST difference between the northern and southern aspects decreased in the cold months but increased in the hot months. At the same elevation, the difference in the lapse rate between the northern and southern aspects was greater in the hot months than in the cold months. With increasing elevation, the lapse rate between the northern and southern aspects disappeared. Climate change was concluded to greatly decrease the difference in LST at different elevations for April–July.</subfield>
  </datafield>
  <datafield tag="650" ind1=" " ind2="4">
   <subfield code="a">Föld- és kapcsolódó környezettudományok</subfield>
  </datafield>
  <datafield tag="700" ind1="0" ind2="1">
   <subfield code="a">Reza Sarli</subfield>
   <subfield code="e">aut</subfield>
  </datafield>
  <datafield tag="700" ind1="0" ind2="1">
   <subfield code="a">Abdolazim Ghanghermeh</subfield>
   <subfield code="e">aut</subfield>
  </datafield>
  <datafield tag="700" ind1="0" ind2="1">
   <subfield code="a">Taherizadeh Mehrnoosh</subfield>
   <subfield code="e">aut</subfield>
  </datafield>
  <datafield tag="700" ind1="0" ind2="1">
   <subfield code="a">Niknam Arman</subfield>
   <subfield code="e">aut</subfield>
  </datafield>
  <datafield tag="856" ind1="4" ind2="0">
   <subfield code="u">http://publicatio.bibl.u-szeged.hu/29646/1/s11629-023-8384-z.pdf</subfield>
   <subfield code="z">Dokumentum-elérés </subfield>
  </datafield>
 </record>
</collection>
